<?xml version="1.0" encoding="UTF-8"?>
<record
    xmlns:xsi="http://www.w3.org/2001/XMLSchema-instance"
    xsi:schemaLocation="http://www.loc.gov/MARC21/slim http://www.loc.gov/standards/marcxml/schema/MARC21slim.xsd"
    xmlns="http://www.loc.gov/MARC21/slim">

  <leader>01338nam a2200289 a 4500</leader>
  <controlfield tag="001">BRCA_3624</controlfield>
  <controlfield tag="005">20190320204346.0</controlfield>
  <controlfield tag="008">250809s1910----sp-a---###---#000-0#spa-#</controlfield>
  <datafield tag="041" ind1=" " ind2=" ">
    <subfield code="a">spa</subfield>
  </datafield>
  <datafield tag="044" ind1=" " ind2=" ">
    <subfield code="a">sp</subfield>
  </datafield>
  <datafield tag="050" ind1=" " ind2="4">
    <subfield code="a">N7101</subfield>
    <subfield code="b">.E97 1 1910</subfield>
  </datafield>
  <datafield tag="245" ind1="1" ind2="0">
    <subfield code="a">Exposici&#xF3;n retrospectiva de arte, 1908</subfield>
    <subfield code="b">organizada bajo los auspicios del Excmo. Sr. Arzobispo de Zaragoza = L&#xB4;Exposition R&#xE9;trospective d&#xB4;Art, 1908 : organis&#xE9;e sous les Auspices de S. G. l&#xB4;Archev&#xE9;que de Saragosse</subfield>
    <subfield code="c">introducci&#xF3;n por Mariano de Pano y Ruata ; pr&#xF3;logo Francisco de Paula Moreno ; texto hist&#xF3;rico y cr&#xED;tico por Emile Bertaux.</subfield>
  </datafield>
  <datafield tag="260" ind1=" " ind2=" ">
    <subfield code="a">Zaragoza, Espa&#xF1;a</subfield>
    <subfield code="b">Tip. La Editorial</subfield>
    <subfield code="c">1910</subfield>
  </datafield>
  <datafield tag="300" ind1=" " ind2=" ">
    <subfield code="a">358 p.</subfield>
    <subfield code="b">il. (algunas a color), 115 l&#xE1;minas</subfield>
    <subfield code="c">34 cm.</subfield>
  </datafield>
  <datafield tag="500" ind1=" " ind2=" ">
    <subfield code="a">Estado f&#xED;sico: hoja de portada suelta</subfield>
  </datafield>
  <datafield tag="500" ind1=" " ind2=" ">
    <subfield code="a">Ejemplar igual a Y89</subfield>
  </datafield>
  <datafield tag="500" ind1=" " ind2=" ">
    <subfield code="a">B296</subfield>
  </datafield>
  <datafield tag="546" ind1=" " ind2=" ">
    <subfield code="a">Texto en: espa&#xF1;ol y franc&#xE9;s</subfield>
  </datafield>
  <datafield tag="650" ind1="1" ind2="4">
    <subfield code="a">Arte</subfield>
    <subfield code="v">Exposiciones</subfield>
    <subfield code="z">Espa&#xF1;a</subfield>
    <subfield code="9">2034</subfield>
  </datafield>
  <datafield tag="700" ind1="1" ind2=" ">
    <subfield code="a">Bertaux, Emile</subfield>
    <subfield code="d">1869-1917</subfield>
    <subfield code="9">9399</subfield>
  </datafield>
  <datafield tag="700" ind1="1" ind2=" ">
    <subfield code="a">Pano y Ruata, Mariano de</subfield>
    <subfield code="9">9400</subfield>
  </datafield>
  <datafield tag="700" ind1="1" ind2=" ">
    <subfield code="a">Paula Moreno, Francisco de</subfield>
    <subfield code="e">prol.</subfield>
    <subfield code="9">9401</subfield>
  </datafield>
  <datafield tag="710" ind1="2" ind2=" ">
    <subfield code="a">Real Junta del Centenario de los Sitios de 1808-1809 (Zaragoza)</subfield>
    <subfield code="9">9402</subfield>
  </datafield>
  <datafield tag="740" ind1="0" ind2=" ">
    <subfield code="a">L&#xB4;Exposition R&#xE9;trospective d&#xB4;Art, 1908 : organis&#xE9;e sous les Auspices de S. G. l&#xB4;Archev&#xE9;que de Saragosse</subfield>
  </datafield>
  <datafield tag="902" ind1=" " ind2=" ">
    <subfield code="a">GFM</subfield>
  </datafield>
  <datafield tag="942" ind1=" " ind2=" ">
    <subfield code="2">lcc</subfield>
    <subfield code="c">B</subfield>
  </datafield>
  <datafield tag="999" ind1=" " ind2=" ">
    <subfield code="c">3359</subfield>
    <subfield code="d">3359</subfield>
  </datafield>
  <datafield tag="952" ind1=" " ind2=" ">
    <subfield code="0">0</subfield>
    <subfield code="1">0</subfield>
    <subfield code="4">0</subfield>
    <subfield code="7">0</subfield>
    <subfield code="a">BRCA</subfield>
    <subfield code="b">BRCA</subfield>
    <subfield code="d">2009-08-25</subfield>
    <subfield code="i">B296</subfield>
    <subfield code="l">0</subfield>
    <subfield code="o">N7101 .E97 1 1910 (B296)</subfield>
    <subfield code="p">3621</subfield>
    <subfield code="r">2019-03-22 00:00:00</subfield>
    <subfield code="w">2019-03-22</subfield>
    <subfield code="y">B</subfield>
  </datafield>
</record>
